MARC

LEADER 00000nam0a2200000 4500
001 309668
005 20231102002219.0
020 |a RU  |b 81-92414 
035 |a (RuTPU)RU\TPU\book\335007 
090 |a 309668 
100 |a 20151117d1981 k y0rusy5003 ca 
101 0 |a rus 
102 |a RU 
105 |a a z 001zy 
200 1 |a Основания и фундаменты при строительстве в районах Восточной Сибири и Крайнего Севера  |e сборник научных трудов  |f Проектный, научно-исследовательский и конструкторский институт "Красноярский ПромстройНИИпроект" ; под ред. Ю. Е. Гавриша 
210 |a Красноярск  |c Изд-во Красноярского Промстройниипроекта  |d 1981 
215 |a 136 с. 
320 |a Библиография в конце работ 
606 1 |a Основания и фундаменты на мерзлых грунтах  |2 stltpush  |3 (RuTPU)RU\TPU\subj\47581  |9 66503 
610 1 |a Восточная Сибирь 
610 1 |a Крайний Север 
610 1 |a строительство 
610 1 |a статические нагрузки 
610 1 |a динамическое воздействие 
610 1 |a тепловое воздействие 
610 1 |a мерзлые грунты 
675 |a 624.139:624.15  |v 3 
702 1 |a Гавриш  |b Ю. Е.  |4 340 
712 0 2 |a Проектный, научно-исследовательский и конструкторский институт "Красноярский ПромстройНИИпроект"  |2 stltpush  |3 (RuTPU)RU\TPU\col\8109 
801 0 |a RU  |b RuMRKP  |c 19950704  |g psbo 
801 1 |a RU  |b 63413507  |c 20151117 
801 2 |a RU  |b 63413507  |c 20191002  |g RCR 
942 |c BK